Pintura corporal por Amaral
保存先:
| 団体著者: | |
|---|---|
| フォーマット: | 図書 |
| 言語: | スペイン語 |
| 出版事項: |
Santiago
Taller Experimental Cuerpos Pintados
2002
|
| 版: | 1a. ed |
| シリーズ: | Colección Cuerpos Pintados. Pintura A8
|
| 主題: | |
| タグ: |
タグ追加
タグなし, このレコードへの初めてのタグを付けませんか!
|
MARC
| LEADER | 00000cam a2200000 a 4500 | ||
|---|---|---|---|
| 001 | UCF9399 | ||
| 003 | CL-VaPUC | ||
| 008 | 131115e20020000cl |||||||||||||||||spa|d | ||
| 020 | |a 9568136274 | ||
| 082 | 0 | 4 | |a 750 |b TAL |2 21 |
| 110 | 2 | |a Taller Experimental Cuerpos Pintados |e author |9 571684 | |
| 245 | 1 | 0 | |a Pintura corporal por Amaral |
| 250 | |a 1a. ed | ||
| 300 | |a pág. irreg | ||
| 942 | |c BK | ||
| 945 | |d 20131115 14:49:00 |a dcastane | ||
| 260 | |a Santiago |b Taller Experimental Cuerpos Pintados |c 2002 | ||
| 500 | |a Fotografía de Roberto Edwards | ||
| 650 | 7 | |a DESNUDO EN EL ARTE |2 CL-VaPUC |9 444355 | |
| 650 | 0 | |a Pintura |9 265046 | |
| 650 | 0 | |a Pintura chilena siglo 20 |9 314453 | |
| 583 | |a last modification |c 20131128 11:28:26 |k Rodrigo Vera | ||
| 490 | 0 | |a Colección Cuerpos Pintados. Pintura A8 | |
| 999 | |c 353845 |d 353843 | ||
| 952 | |0 0 |1 0 |3 erd |4 0 |6 750_000000000000000_TAL_2002 |7 0 |8 C |9 459266 |a BIBCUR |b BIBCUR |i 502496K |o 750 TAL 2002 |p 502496K |r 2025-04-22 |w 2019-11-23 |y BK |z Catalogado en:20131115 |k CAC | ||